| 000 | 00431nam a2200181Ia 4500 | ||
|---|---|---|---|
| 001 | 10479 | ||
| 005 | 20260306161835.0 | ||
| 008 | 260306t2004||||xx |||||||||||||| ||spa|| | ||
| 041 | _aESP | ||
| 082 |
_a932 _bF56 |
||
| 100 |
_aFlammini, Roxana [comp.] _eAUT |
||
| 245 | 0 | _aAproximación al antiguo Egipto | |
| 260 | _c2004 | ||
| 300 |
_a180 pƔginas : _c18 cm. |
||
| 650 | _aGEN | ||
| 654 | _aCHU | ||
| 942 |
_cLIB _dJUS _fJUS _2ddc _n |
||
| 999 |
_c10479 _d10479 |
||